Illustration Now 3 /

Salvato in:
Dettagli Bibliografici
Altri autori: Wiedemann, Julius (Redattore)
Natura: Libro
Lingua:inglese
Pubblicazione: Cologne : Taschen, 2012
Edizione:1. vydanie
Soggetti:
Tags: Aggiungi Tag
Nessun Tag, puoi essere il primo ad aggiungerne!!

MARC

LEADER 00000nam a22000003a 4500
001 0086149
003 SK-STU
005 20210111181152.2
007 ta
008 210111s ----xo-----e------000-0-----d
020 |a 9783836533133 
040 |a STU  |b slo 
041 0 |a eng 
044 |a gw 
100 1 |a Wiedemann, Julius  |4 edt 
245 1 0 |a Illustration Now 3 /  |c ed. Julius Wiedemann 
250 |a 1. vydanie 
260 |a Cologne :  |b Taschen,  |c 2012 
300 |a 320 s. 
650 0 7 |a ilustrácie 
650 0 7 |a súčasné výtvarné umenie 
650 0 7 |a voľné výtvarné umenie 
996 |b 284AU08538  |c A* 11802/U  |l AAKNST  |s P  |a 0  |w 0086149_0001